[Event "DEM U8 2024"]
[Site "Willingen GER"]
[Date "2024.05.22"]
[Round "2"]
[White "Guan, Guoyou"]
[Black "Schmidt, Simon"]
[Result "0-1"]
[Termination "normal"]
[Board "21"]
[WhiteElo "1136"]
[BlackElo "943"]
[WhiteClock "00:52:04"]
[BlackClock "00:26:22"]
[PlyCount "66"]
[WhiteFideId "34649492"]
[EventCountry "GER"]
[EventRounds "7"]
[EventType "swiss"]
[EventDate "2024.05.21"]

1. e4 {[%clk 01:00:28]} {[%emt 00:00:02]} d5 {[%clk 01:00:18]} {[%emt
00:00:11]} 2. Nf3 {[%clk 01:00:18]} {[%emt 00:00:07]} dxe4 {[%clk 01:00:13]}
{[%emt 00:00:40]} 3. Ng5 {[%emt 00:00:58]} Bf5 {[%clk 00:59:32]} {[%emt
00:00:08]} 4. d3 {[%clk 01:00:27]} {[%emt 00:00:11]} Nf6 {[%clk 00:57:59]}
{[%emt 00:01:48]} 5. Nc3 {[%clk 01:00:30]} {[%emt 00:00:10]} Qd4 {[%clk
00:56:24]} {[%emt 00:01:50]} 6. Be3 {[%clk 01:00:28]} {[%emt 00:00:17]} Qe5
{[%clk 00:55:46]} {[%emt 00:00:53]} 7. dxe4 {[%clk 01:00:15]} {[%emt 00:00:30]}
Nxe4 {[%clk 00:55:40]} {[%emt 00:00:19]} 8. Ncxe4 {[%clk 01:00:14]} {[%emt
00:00:17]} Bxe4 {[%clk 00:55:07]} {[%emt 00:00:48]} 9. Nxe4 {[%clk 01:00:07]}
{[%emt 00:00:21]} Qxe4 {[%clk 00:54:41]} {[%emt 00:00:43]} 10. Qe2 {[%clk
00:59:02]} {[%emt 00:01:19]} Qb4+ {[%clk 00:52:36]} {[%emt 00:02:20]} 11. c3
{[%clk 00:58:53]} {[%emt 00:00:25]} Qa5 {[%clk 00:50:59]} {[%emt 00:01:51]} 12.
Qf3 {[%clk 00:57:20]} {[%emt 00:00:25]} Nc6 {[%clk 00:50:41]} {[%emt 00:01:56]}
13. Bc4 {[%clk 00:57:25]} {[%emt 00:00:11]} e6 {[%clk 00:49:32]} {[%emt
00:01:23]} 14. O-O {[%clk 00:56:58]} {[%emt 00:00:32]} Bd6 {[%clk 00:48:49]}
{[%emt 00:01:08]} 15. Rad1 {[%clk 00:56:04]} {[%emt 00:01:08]} O-O-O {[%clk
00:47:30]} {[%emt 00:01:36]} 16. b4 {[%clk 00:56:06]} {[%emt 00:00:13]} Qf5
{[%clk 00:46:06]} {[%emt 00:01:39]} 17. Qe2 {[%clk 00:55:46]} {[%emt 00:00:34]}
Qe5 {[%clk 00:45:01]} {[%emt 00:01:22]} 18. f4 {[%clk 00:55:36]} {[%emt
00:00:25]} Qxc3 {[%clk 00:42:59]} {[%emt 00:02:16]} 19. b5 {[%clk 00:55:35]}
{[%emt 00:00:15]} Ne7 {[%clk 00:42:01]} {[%emt 00:01:13]} 20. Rc1 {[%clk
00:54:30]} {[%emt 00:01:19]} Qf6 {[%clk 00:41:02]} {[%emt 00:01:16]} 21. a4
{[%clk 00:54:23]} {[%emt 00:00:23]} Ng6 {[%clk 00:39:36]} {[%emt 00:01:40]} 22.
a5 {[%clk 00:54:28]} {[%emt 00:00:09]} Bxf4 {[%clk 00:38:48]} {[%emt 00:01:04]}
23. Bxf4 {[%clk 00:54:20]} {[%emt 00:00:24]} Nxf4 {[%clk 00:38:03]} {[%emt
00:01:01]} 24. Qe3 {[%clk 00:54:04]} {[%emt 00:00:29]} Rd4 {[%clk 00:35:49]}
{[%emt 00:02:30]} 25. a6 {[%clk 00:53:37]} {[%emt 00:00:42]} b6 {[%clk
00:33:57]} {[%emt 00:02:07]} 26. Qf3 {[%clk 00:53:21]} {[%emt 00:00:30]} Kd7
{[%clk 00:31:50]} {[%emt 00:02:24]} 27. Qc6+ {[%clk 00:53:25]} {[%emt
00:00:10]} Ke7 {[%clk 00:31:13]} {[%emt 00:00:52]} 28. Qxc7+ {[%clk 00:53:22]}
{[%emt 00:00:17]} Ke8 {[%clk 00:30:59]} {[%emt 00:00:30]} 29. Bb3 {[%clk
00:52:48]} {[%emt 00:00:49]} Qg5 {[%clk 00:28:57]} {[%emt 00:02:18]} 30. Qb8+
{[%clk 00:52:42]} {[%emt 00:00:19]} Ke7 {[%clk 00:27:48]} {[%emt 00:01:25]} 31.
Rc7+ {[%clk 00:52:11]} {[%emt 00:00:46]} Rd7 {[%clk 00:26:27]} {[%emt
00:01:35]} 32. Rxd7+ {[%clk 00:52:07]} {[%emt 00:00:20]} Kxd7 {[%clk 00:26:22]}
{[%emt 00:00:21]} 33. Qxh8 {[%clk 00:52:04]} {[%emt 00:00:18]} Qxg2# {[%emt
00:01:42]} 0-1

[Event "DEM U8 2024"]
[Site "Willingen GER"]
[Date "2024.05.22"]
[Round "2"]
[White "Studdert, Levi"]
[Black "Hadelich, Taron"]
[Result "1-0"]
[Termination "normal"]
[Board "22"]
[WhiteElo "1109"]
[BlackElo "785"]
[WhiteClock "00:44:26"]
[BlackClock "00:50:15"]
[PlyCount "65"]
[WhiteFideId "34672486"]
[EventCountry "GER"]
[EventRounds "7"]
[EventType "swiss"]
[EventDate "2024.05.21"]

1. e4 {[%clk 01:00:26]} {[%emt 00:00:03]} c5 {[%clk 01:00:09]} {[%emt
00:00:23]} 2. Nf3 {[%clk 00:59:50]} {[%emt 00:00:42]} e6 {[%clk 01:00:13]}
{[%emt 00:00:20]} 3. d4 {[%clk 00:59:43]} {[%emt 00:00:20]} cxd4 {[%clk
00:59:52]} {[%emt 00:00:37]} 4. Nxd4 {[%clk 00:58:52]} {[%emt 00:00:55]} a6
{[%clk 00:59:58]} {[%emt 00:00:21]} 5. Nc3 {[%clk 00:58:32]} {[%emt 00:00:32]}
Bb4 {[%clk 00:58:29]} {[%emt 00:01:46]} 6. Bc4 {[%clk 00:57:17]} {[%emt
00:01:30]} Nf6 {[%clk 00:58:11]} {[%emt 00:00:33]} 7. f3 {[%clk 00:55:37]}
{[%emt 00:01:52]} O-O {[%clk 00:58:09]} {[%emt 00:00:20]} 8. Be3 {[%clk
00:54:25]} {[%emt 00:01:25]} Nc6 {[%clk 00:58:03]} {[%emt 00:00:23]} 9. Nxc6
{[%clk 00:52:38]} {[%emt 00:02:03]} dxc6 {[%emt 00:00:13]} 10. Qxd8 {[%clk
00:52:31]} {[%emt 00:00:16]} Rxd8 {[%clk 00:58:16]} {[%emt 00:00:09]} 11. O-O
{[%clk 00:52:18]} {[%emt 00:00:28]} b5 {[%clk 00:57:39]} {[%emt 00:00:53]} 12.
Bb3 {[%clk 00:51:28]} {[%emt 00:01:05]} a5 {[%clk 00:57:29]} {[%emt 00:00:26]}
13. a3 {[%clk 00:49:53]} {[%emt 00:01:49]} a4 {[%clk 00:57:23]} {[%emt
00:00:23]} 14. Bxa4 {[%clk 00:49:16]} {[%emt 00:00:51]} bxa4 {[%clk 00:56:56]}
{[%emt 00:00:42]} 15. axb4 {[%clk 00:48:45]} {[%emt 00:00:46]} Ba6 {[%clk
00:56:49]} {[%emt 00:00:21]} 16. Rfd1 {[%clk 00:48:25]} {[%emt 00:00:33]} Rxd1+
{[%clk 00:56:01]} {[%emt 00:01:04]} 17. Nxd1 {[%clk 00:47:33]} {[%emt
00:01:07]} Bc8 {[%emt 00:01:01]} 18. b3 {[%clk 00:47:00]} {[%emt 00:00:37]} h6
{[%clk 00:54:40]} {[%emt 00:01:01]} 19. bxa4 {[%clk 00:46:55]} {[%emt
00:00:20]} Nd7 {[%clk 00:54:18]} {[%emt 00:00:26]} 20. f4 {[%clk 00:46:49]}
{[%emt 00:00:31]} e5 {[%clk 00:54:13]} {[%emt 00:00:19]} 21. f5 {[%clk
00:46:10]} {[%emt 00:00:55]} Nb6 {[%clk 00:53:55]} {[%emt 00:00:34]} 22. Bxb6
{[%clk 00:45:38]} {[%emt 00:00:47]} Ba6 {[%clk 00:53:21]} {[%emt 00:00:46]} 23.
Nc3 {[%clk 00:45:21]} {[%emt 00:00:34]} Kh7 {[%clk 00:52:54]} {[%emt 00:00:43]}
24. b5 {[%clk 00:45:05]} {[%emt 00:00:31]} cxb5 {[%clk 00:52:55]} {[%emt
00:00:14]} 25. axb5 {[%clk 00:45:05]} {[%emt 00:00:16]} Kg8 {[%clk 00:52:49]}
{[%emt 00:00:21]} 26. Rxa6 {[%emt 00:00:29]} Rc8 {[%clk 00:52:47]} {[%emt
00:00:06]} 27. Ba5 {[%clk 00:45:08]} {[%emt 00:00:09]} Kf8 {[%clk 00:52:38]}
{[%emt 00:00:23]} 28. b6 {[%clk 00:44:56]} {[%emt 00:00:27]} Rb8 {[%clk
00:52:34]} {[%emt 00:00:18]} 29. Ra7 {[%clk 00:44:40]} {[%emt 00:00:31]} Ke8
{[%clk 00:52:21]} {[%emt 00:00:30]} 30. b7 {[%clk 00:44:41]} {[%emt 00:00:14]}
Kd7 {[%clk 00:52:12]} {[%emt 00:00:20]} 31. Ra8 {[%clk 00:44:32]} {[%emt
00:00:27]} Rxb7 {[%clk 00:52:10]} {[%emt 00:00:18]} 32. Rd8+ {[%clk 00:44:26]}
{[%emt 00:00:21]} Ke7 {[%clk 00:50:15]} {[%emt 00:02:10]} 33. Nd5# {[%clk
00:44:26]} {[%emt 00:00:15]} 1-0